000 00379nam a2200133Ia 4500
008 220217s9999||||xx |||||||||||||| ||und||
020 _a0-07-463153-5
082 _a004.165 GIL
100 _aGilmore, Charles, M
_93538
245 0 _aMicroprocessors: principles and applications
260 _aTata mcgraw hill
_bNew Delhi
_c2002
300 _b245
650 _aMICROPROCESSOR
999 _c172146
_d172146